[Event "DVM U12 2023"]
[Site "Magdeburg GER"]
[Date "2023.12.30"]
[Round "7"]
[White "Shevchenko, Igor"]
[Black "Mehner, Clara"]
[Result "1-0"]
[Termination "normal"]
[Board "9.1"]
[WhiteElo "1552"]
[BlackElo "1387"]
[WhiteClock "00:54:18"]
[BlackClock "00:09:15"]
[WhiteTeam "Schachzwerge Magdeburg"]
[BlackTeam "USG Chemnitz"]
[PlyCount "73"]
[WhiteFideId "34634924"]
[BlackFideId "34612165"]
[EventCountry "GER"]
[EventRounds "7"]
[EventType "team-swiss"]
[EventDate "2023.12.26"]

1. d4 {[%clk 01:30:31]} {[%emt 00:00:29]} Nf6 {[%clk 01:30:46]} {[%emt
00:00:15]} 2. Nf3 {[%clk 01:30:54]} {[%emt 00:00:07]} g6 {[%clk 01:29:48]}
{[%emt 00:01:28]} 3. c4 {[%clk 01:31:14]} {[%emt 00:00:10]} Bg7 {[%clk
01:28:59]} {[%emt 00:01:19]} 4. Nc3 {[%clk 01:31:07]} {[%emt 00:00:36]} d6
{[%clk 01:27:44]} {[%emt 00:01:45]} 5. g3 {[%clk 01:31:01]} {[%emt 00:00:37]}
Nbd7 {[%clk 01:26:55]} {[%emt 00:01:18]} 6. Bg2 {[%clk 01:31:09]} {[%emt
00:00:21]} O-O {[%clk 01:25:50]} {[%emt 00:01:36]} 7. O-O {[%clk 01:30:42]}
{[%emt 00:00:56]} Re8 {[%clk 01:24:20]} {[%emt 00:02:01]} 8. e4 {[%clk
01:29:49]} {[%emt 00:01:24]} e5 {[%clk 01:23:31]} {[%emt 00:01:19]} 9. Re1
{[%clk 01:28:48]} {[%emt 00:01:31]} c6 {[%clk 01:20:30]} {[%emt 00:03:31]} 10.
d5 {[%clk 01:26:12]} {[%emt 00:04:47]} Nb6 {[%clk 01:18:51]} {[%emt 00:00:28]}
11. Qd3 {[%clk 01:23:51]} {[%emt 00:02:51]} a5 {[%clk 01:17:29]} {[%emt
00:01:52]} 12. Be3 {[%clk 01:19:08]} {[%emt 00:05:13]} Bf8 {[%clk 01:07:48]}
{[%emt 00:10:11]} 13. Rad1 {[%clk 01:17:41]} {[%emt 00:01:57]} Ra6 {[%clk
00:58:18]} {[%emt 00:09:59]} 14. h3 {[%clk 01:10:35]} {[%emt 00:07:37]} Qd7
{[%clk 00:54:18]} {[%emt 00:04:30]} 15. a4 {[%clk 01:05:17]} {[%emt 00:05:48]}
Rd8 {[%clk 00:50:43]} {[%emt 00:04:05]} 16. Kh2 {[%clk 01:02:41]} {[%emt
00:03:06]} Ne8 {[%clk 00:46:20]} {[%emt 00:04:54]} 17. Nd2 {[%clk 01:01:38]}
{[%emt 00:01:33]} f5 {[%clk 00:44:13]} {[%emt 00:02:37]} 18. f4 {[%clk
01:01:37]} {[%emt 00:00:31]} Bg7 {[%clk 00:40:06]} {[%emt 00:04:37]} 19. fxe5
{[%clk 01:00:10]} {[%emt 00:01:58]} Bxe5 {[%clk 00:39:17]} {[%emt 00:01:19]}
20. dxc6 {[%clk 00:57:31]} {[%emt 00:03:09]} bxc6 {[%clk 00:38:52]} {[%emt
00:00:56]} 21. exf5 {[%clk 00:57:49]} {[%emt 00:00:11]} Qxf5 {[%clk 00:31:43]}
{[%emt 00:07:39]} 22. Qxf5 {[%clk 00:57:13]} {[%emt 00:01:06]} Bxf5 {[%clk
00:31:34]} {[%emt 00:00:38]} 23. Bxc6 {[%clk 00:55:29]} {[%emt 00:02:14]} Nd7
{[%clk 00:24:14]} {[%emt 00:07:50]} 24. Bb5 {[%clk 00:55:43]} {[%emt 00:00:16]}
Raa8 {[%clk 00:24:08]} {[%emt 00:00:35]} 25. Nf3 {[%clk 00:55:34]} {[%emt
00:00:37]} Bg7 {[%clk 00:20:14]} {[%emt 00:04:24]} 26. Bg5 {[%clk 00:54:47]}
{[%emt 00:01:18]} Rdc8 {[%clk 00:19:39]} {[%emt 00:01:06]} 27. g4 {[%clk
00:55:02]} {[%emt 00:00:17]} Bc2 {[%clk 00:18:15]} {[%emt 00:01:53]} 28. Rd2
{[%clk 00:54:50]} {[%emt 00:00:42]} Ne5 {[%clk 00:17:44]} {[%emt 00:01:00]} 29.
Nxe5 {[%clk 00:55:02]} {[%emt 00:00:19]} Bxe5+ {[%clk 00:18:01]} {[%emt
00:00:13]} 30. Rxe5 {[%clk 00:53:45]} {[%emt 00:01:47]} dxe5 {[%clk 00:17:43]}
{[%emt 00:00:48]} 31. Rxc2 {[%clk 00:54:09]} {[%emt 00:00:06]} Nd6 {[%clk
00:16:00]} {[%emt 00:02:13]} 32. Nd5 {[%clk 00:54:08]} {[%emt 00:00:31]} Rcb8
{[%clk 00:11:32]} {[%emt 00:04:52]} 33. Ne7+ {[%clk 00:53:45]} {[%emt
00:00:59]} Kg7 {[%clk 00:10:50]} {[%emt 00:01:12]} 34. Nc6 {[%clk 00:54:12]}
{[%emt 00:00:04]} Re8 {[%clk 00:09:54]} {[%emt 00:01:25]} 35. c5 {[%clk
00:53:45]} {[%emt 00:00:58]} Ne4 {[%clk 00:09:30]} {[%emt 00:00:53]} 36. Be3
{[%clk 00:54:09]} {[%emt 00:00:06]} Re6 {[%clk 00:09:15]} {[%emt 00:00:46]} 37.
Nxe5 {[%clk 00:54:18]} {[%emt 00:00:21]} 1-0

[Event "DVM U12 2023"]
[Site "Magdeburg GER"]
[Date "2023.12.30"]
[Round "7"]
[White "Li, Joshua"]
[Black "Fuchs, Jakob"]
[Result "1-0"]
[Termination "normal"]
[Board "9.2"]
[WhiteElo "1368"]
[BlackElo "1155"]
[WhiteClock "01:07:46"]
[BlackClock "00:54:13"]
[WhiteTeam "USG Chemnitz"]
[BlackTeam "Schachzwerge Magdeburg"]
[PlyCount "85"]
[WhiteFideId "34623639"]
[BlackFideId "34684751"]
[EventCountry "GER"]
[EventRounds "7"]
[EventType "team-swiss"]
[EventDate "2023.12.26"]

1. e4 {[%clk 01:30:59]} e5 {[%clk 01:30:55]} {[%emt 00:00:06]} 2. Nc3 {[%clk
01:31:26]} {[%emt 00:00:03]} Nc6 {[%clk 01:31:09]} {[%emt 00:00:16]} 3. Bc4
{[%clk 01:31:20]} {[%emt 00:00:36]} Nf6 {[%clk 01:31:16]} {[%emt 00:00:24]} 4.
d3 {[%clk 01:31:39]} {[%emt 00:00:11]} Bb4 {[%clk 01:31:20]} {[%emt 00:00:25]}
5. Nf3 {[%clk 01:31:23]} {[%emt 00:00:46]} d5 {[%clk 01:29:37]} {[%emt
00:02:13]} 6. exd5 {[%clk 01:30:17]} {[%emt 00:01:36]} Nxd5 {[%clk 01:29:56]}
{[%emt 00:00:11]} 7. Bd2 {[%clk 01:29:42]} {[%emt 00:01:05]} Be6 {[%clk
01:27:50]} {[%emt 00:02:35]} 8. Bb3 {[%clk 01:25:55]} {[%emt 00:04:18]} Qd7
{[%clk 01:26:49]} {[%emt 00:01:31]} 9. Ba4 {[%clk 01:24:44]} {[%emt 00:01:41]}
f6 {[%clk 01:26:00]} {[%emt 00:01:18]} 10. O-O {[%clk 01:24:58]} {[%emt
00:00:17]} O-O-O {[%clk 01:26:23]} {[%emt 00:00:07]} 11. a3 {[%clk 01:25:22]}
{[%emt 00:00:05]} Bxc3 {[%clk 01:25:30]} {[%emt 00:01:23]} 12. bxc3 {[%clk
01:25:45]} {[%emt 00:00:07]} g5 {[%emt 00:01:26]} 13. Rb1 {[%clk 01:24:18]}
{[%emt 00:02:45]} h5 {[%clk 01:24:45]} 14. Qc1 {[%clk 01:23:58]} {[%emt
00:00:21]} Nb6 {[%clk 01:24:51]} {[%emt 00:00:24]} 15. Qb2 {[%clk 01:23:35]}
{[%emt 00:00:53]} Ba2 {[%clk 01:23:20]} {[%emt 00:02:02]} 16. Bxc6 {[%clk
01:23:42]} {[%emt 00:00:21]} Qxc6 {[%clk 01:23:31]} {[%emt 00:00:19]} 17. Qxa2
{[%clk 01:24:06]} {[%emt 00:00:06]} h4 {[%clk 01:21:54]} {[%emt 00:02:08]} 18.
Bxg5 {[%clk 01:15:00]} {[%emt 00:09:36]} fxg5 {[%clk 01:21:34]} {[%emt
00:00:50]} 19. Nxe5 {[%clk 01:14:29]} {[%emt 00:01:02]} Qd5 {[%clk 01:16:36]}
{[%emt 00:05:28]} 20. Qxd5 {[%clk 01:14:17]} {[%emt 00:00:41]} Rxd5 {[%clk
01:16:58]} {[%emt 00:00:08]} 21. d4 {[%clk 01:14:31]} {[%emt 00:00:16]} Na4
{[%clk 01:14:53]} {[%emt 00:02:35]} 22. Rb3 {[%clk 01:14:00]} {[%emt 00:01:02]}
Rg8 {[%clk 01:12:02]} {[%emt 00:03:21]} 23. Rfb1 {[%clk 01:13:50]} {[%emt
00:00:39]} b6 {[%clk 01:11:23]} {[%emt 00:01:10]} 24. Nc6 {[%clk 01:13:56]}
{[%emt 00:00:24]} Kd7 {[%clk 01:09:40]} {[%emt 00:02:14]} 25. c4 {[%clk
01:12:03]} {[%emt 00:02:23]} Rd6 {[%clk 01:02:22]} {[%emt 00:07:48]} 26. d5
{[%clk 01:10:59]} {[%emt 00:01:34]} a6 {[%clk 01:01:23]} {[%emt 00:01:29]} 27.
Rf3 {[%clk 01:10:15]} {[%emt 00:01:13]} Re8 {[%clk 00:58:50]} {[%emt 00:03:04]}
28. Re3 {[%clk 01:09:42]} {[%emt 00:01:02]} Rxe3 {[%clk 00:55:39]} {[%emt
00:03:41]} 29. fxe3 {[%clk 01:10:02]} {[%emt 00:00:11]} Rf6 {[%clk 00:55:39]}
{[%emt 00:00:29]} 30. Rf1 {[%clk 01:10:09]} {[%emt 00:00:23]} Rxf1+ {[%clk
00:55:28]} {[%emt 00:00:41]} 31. Kxf1 {[%clk 01:10:35]} {[%emt 00:00:04]} Nb2
{[%clk 00:55:52]} {[%emt 00:00:06]} 32. Ne5+ {[%clk 01:10:35]} {[%emt
00:00:30]} Ke8 {[%clk 00:55:46]} {[%emt 00:00:36]} 33. Ke2 {[%clk 01:10:02]}
{[%emt 00:01:03]} Ke7 {[%clk 00:55:02]} {[%emt 00:01:14]} 34. Kf3 {[%clk
01:09:21]} {[%emt 00:01:11]} Kf6 {[%clk 00:55:17]} {[%emt 00:00:14]} 35. Ke4
{[%clk 01:09:03]} {[%emt 00:00:49]} Na4 {[%clk 00:54:34]} {[%emt 00:01:13]} 36.
h3 {[%clk 01:07:51]} {[%emt 00:01:43]} Nc5+ {[%clk 00:54:51]} {[%emt 00:00:12]}
37. Kd4 {[%clk 01:07:21]} {[%emt 00:00:59]} Nb7 {[%clk 00:54:44]} {[%emt
00:00:37]} 38. Nd3 {[%clk 01:06:07]} {[%emt 00:01:44]} a5 {[%clk 00:54:23]}
{[%emt 00:00:51]} 39. c5 {[%clk 01:06:26]} {[%emt 00:00:11]} bxc5+ {[%clk
00:54:27]} {[%emt 00:00:27]} 40. Nxc5 {[%clk 01:06:48]} {[%emt 00:00:07]} Nd6
{[%clk 00:54:51]} {[%emt 00:00:07]} 41. Ne4+ {[%clk 01:07:04]} {[%emt
00:00:14]} Nxe4 {[%clk 00:55:01]} {[%emt 00:00:20]} 42. Kxe4 {[%clk 01:07:30]}
{[%emt 00:00:05]} a4 {[%clk 00:54:13]} {[%emt 00:01:18]} 43. c4 {[%clk
01:07:46]} {[%emt 00:00:14]} 1-0

[Event "DVM U12 2023"]
[Site "Magdeburg GER"]
[Date "2023.12.30"]
[Round "7"]
[White "Seeger, Lennert"]
[Black "Uhlig, Silas"]
[Result "0-1"]
[Termination "normal"]
[Board "9.3"]
[WhiteElo "1030"]
[BlackElo "1443"]
[WhiteClock "00:17:21"]
[BlackClock "00:51:51"]
[WhiteTeam "Schachzwerge Magdeburg"]
[BlackTeam "USG Chemnitz"]
[PlyCount "62"]
[WhiteFideId "34684760"]
[BlackFideId "34651837"]
[EventCountry "GER"]
[EventRounds "7"]
[EventType "team-swiss"]
[EventDate "2023.12.26"]

1. e4 {[%clk 01:30:55]} {[%emt 00:00:06]} c5 {[%clk 01:30:57]} {[%emt
00:00:03]} 2. Nf3 {[%clk 01:31:14]} {[%emt 00:00:11]} Nc6 {[%clk 01:31:22]}
{[%emt 00:00:06]} 3. d4 {[%clk 01:31:29]} {[%emt 00:00:14]} cxd4 {[%clk
01:31:38]} {[%emt 00:00:14]} 4. Nxd4 {[%clk 01:31:36]} {[%emt 00:00:23]} Nf6
{[%clk 01:32:02]} {[%emt 00:00:06]} 5. Nc3 {[%clk 01:31:13]} {[%emt 00:00:53]}
e6 {[%clk 01:28:44]} {[%emt 00:03:47]} 6. Bd3 {[%clk 01:23:05]} {[%emt
00:08:39]} Nxd4 {[%clk 01:29:05]} {[%emt 00:00:08]} 7. O-O {[%clk 01:11:28]}
{[%emt 00:12:07]} Nc6 {[%clk 01:28:01]} {[%emt 00:01:34]} 8. Bg5 {[%clk
01:05:58]} {[%emt 00:06:00]} h6 {[%clk 01:25:51]} {[%emt 00:02:40]} 9. Bh4
{[%clk 01:05:28]} {[%emt 00:01:00]} Be7 {[%clk 01:25:48]} {[%emt 00:00:30]} 10.
Re1 {[%clk 01:04:37]} {[%emt 00:01:24]} d6 {[%clk 01:22:04]} {[%emt 00:04:14]}
11. Qd2 {[%clk 00:58:28]} {[%emt 00:06:38]} e5 {[%clk 01:19:28]} {[%emt
00:03:06]} 12. Rad1 {[%clk 00:58:00]} {[%emt 00:00:57]} Bg4 {[%clk 01:15:20]}
{[%emt 00:04:37]} 13. Be2 {[%clk 00:54:14]} {[%emt 00:04:17]} Bxe2 {[%clk
01:12:32]} {[%emt 00:03:18]} 14. Qxe2 {[%clk 00:52:02]} {[%emt 00:02:43]} Nd4
{[%clk 01:12:07]} {[%emt 00:00:55]} 15. Qd3 {[%clk 00:49:57]} {[%emt 00:02:35]}
Rc8 {[%clk 01:07:17]} {[%emt 00:05:20]} 16. Rd2 {[%clk 00:46:24]} {[%emt
00:04:03]} a6 {[%clk 01:01:46]} {[%emt 00:06:01]} 17. f4 {[%clk 00:42:16]}
{[%emt 00:04:37]} b5 {[%clk 00:57:32]} {[%emt 00:04:45]} 18. a3 {[%clk
00:40:21]} {[%emt 00:02:25]} Qb6 {[%clk 00:56:58]} {[%emt 00:01:00]} 19. Bf2
{[%clk 00:39:08]} {[%emt 00:01:46]} O-O {[%clk 00:52:25]} {[%emt 00:05:04]} 20.
Qh3 {[%clk 00:34:33]} {[%emt 00:05:04]} b4 {[%clk 00:50:47]} {[%emt 00:02:09]}
21. axb4 {[%clk 00:33:34]} {[%emt 00:01:30]} Qxb4 {[%clk 00:50:48]} {[%emt
00:00:28]} 22. fxe5 {[%clk 00:31:31]} {[%emt 00:02:33]} dxe5 {[%clk 00:50:51]}
{[%emt 00:00:27]} 23. Re3 {[%clk 00:28:51]} {[%emt 00:03:10]} Qxb2 {[%clk
00:49:47]} {[%emt 00:01:33]} 24. Rg3 {[%clk 00:27:17]} {[%emt 00:02:04]} Rxc3
{[%clk 00:49:54]} {[%emt 00:00:23]} 25. Bxd4 {[%clk 00:19:31]} {[%emt
00:08:16]} Qc1+ {[%clk 00:50:09]} {[%emt 00:00:12]} 26. Kf2 {[%clk 00:19:04]}
{[%emt 00:01:00]} Qxd2+ {[%clk 00:50:30]} {[%emt 00:00:08]} 27. Kf1 {[%clk
00:19:12]} {[%emt 00:00:23]} Qd1+ {[%clk 00:50:53]} {[%emt 00:00:07]} 28. Kf2
{[%clk 00:19:10]} {[%emt 00:00:32]} Qxd4+ {[%clk 00:51:20]} {[%emt 00:00:03]}
29. Re3 {[%clk 00:18:32]} {[%emt 00:01:08]} Nxe4+ {[%clk 00:51:41]} {[%emt
00:00:09]} 30. Ke2 {[%clk 00:17:13]} {[%emt 00:01:50]} Qd2+ {[%clk 00:51:51]}
{[%emt 00:00:18]} 31. Kf1 {[%clk 00:17:21]} {[%emt 00:00:24]} Qf2# {[%emt
00:00:04]} 0-1

[Event "DVM U12 2023"]
[Site "Magdeburg GER"]
[Date "2023.12.30"]
[Round "7"]
[White "Müller, Stefan"]
[Black "Wolff, Theodor Emil"]
[Result "0-1"]
[Termination "normal"]
[Board "9.4"]
[WhiteElo "1313"]
[BlackElo "912"]
[WhiteClock "00:51:02"]
[BlackClock "00:45:48"]
[WhiteTeam "USG Chemnitz"]
[BlackTeam "Schachzwerge Magdeburg"]
[PlyCount "72"]
[WhiteFideId "34667270"]
[BlackFideId "34684778"]
[EventCountry "GER"]
[EventRounds "7"]
[EventType "team-swiss"]
[EventDate "2023.12.26"]

1. e4 {[%clk 01:30:57]} {[%emt 00:00:01]} c5 {[%clk 01:30:58]} {[%emt
00:00:03]} 2. Nf3 {[%clk 01:31:10]} {[%emt 00:00:16]} Nc6 {[%clk 01:31:25]}
{[%emt 00:00:04]} 3. d4 {[%clk 01:31:24]} {[%emt 00:00:16]} cxd4 {[%clk
01:31:50]} {[%emt 00:00:05]} 4. Nxd4 {[%clk 01:31:40]} {[%emt 00:00:14]} Nf6
{[%clk 01:32:14]} {[%emt 00:00:06]} 5. Nc3 {[%clk 01:31:41]} {[%emt 00:00:29]}
g6 {[%clk 01:32:39]} {[%emt 00:00:06]} 6. Bg5 {[%clk 01:31:22]} {[%emt
00:00:48]} Bg7 {[%clk 01:32:59]} {[%emt 00:00:10]} 7. Bc4 {[%clk 01:31:24]}
{[%emt 00:00:27]} O-O {[%clk 01:33:19]} {[%emt 00:00:11]} 8. O-O {[%clk
01:31:22]} {[%emt 00:00:32]} d6 {[%clk 01:33:38]} {[%emt 00:00:10]} 9. Re1
{[%clk 01:30:27]} {[%emt 00:01:25]} Bd7 {[%clk 01:33:55]} {[%emt 00:00:14]} 10.
Qd2 {[%clk 01:27:43]} {[%emt 00:03:15]} Rc8 {[%clk 01:33:56]} {[%emt 00:00:28]}
11. Nf3 {[%clk 01:25:05]} {[%emt 00:03:08]} Qc7 {[%clk 01:23:35]} {[%emt
00:10:51]} 12. Bd5 {[%clk 01:20:03]} {[%emt 00:05:32]} e6 {[%clk 01:12:03]}
{[%emt 00:12:01]} 13. Bxc6 {[%clk 01:18:46]} {[%emt 00:01:46]} Qxc6 {[%clk
01:06:51]} {[%emt 00:05:43]} 14. Re3 {[%clk 01:16:26]} {[%emt 00:02:47]} d5
{[%clk 00:55:01]} {[%emt 00:12:23]} 15. e5 {[%clk 01:13:30]} {[%emt 00:03:26]}
Ne4 {[%clk 00:53:04]} {[%emt 00:02:27]} 16. Nxe4 {[%clk 01:11:58]} {[%emt
00:02:02]} dxe4 {[%clk 00:53:26]} {[%emt 00:00:08]} 17. Nd4 {[%clk 01:11:32]}
{[%emt 00:00:56]} Qd5 {[%clk 00:52:52]} {[%emt 00:01:04]} 18. f4 {[%clk
01:07:10]} {[%emt 00:04:52]} exf3 {[%clk 00:51:53]} {[%emt 00:01:29]} 19. Nxf3
{[%clk 01:06:49]} {[%emt 00:00:51]} Qxd2 {[%clk 00:51:46]} {[%emt 00:00:37]}
20. Nxd2 {[%clk 01:06:39]} {[%emt 00:00:41]} Rxc2 {[%clk 00:52:08]} {[%emt
00:00:08]} 21. Rd3 {[%clk 01:05:15]} {[%emt 00:01:54]} Bc6 {[%clk 00:51:36]}
{[%emt 00:01:00]} 22. Rg3 {[%clk 00:59:17]} {[%emt 00:06:29]} Bxe5 {[%clk
00:51:02]} {[%emt 00:01:04]} 23. Rg4 {[%clk 00:58:32]} {[%emt 00:01:15]} Bxb2
{[%clk 00:51:05]} {[%emt 00:00:27]} 24. Rd1 {[%clk 00:57:58]} {[%emt 00:01:04]}
Bc3 {[%clk 00:49:02]} {[%emt 00:02:31]} 25. Nb3 {[%clk 00:57:29]} {[%emt
00:01:01]} Rxa2 {[%clk 00:48:59]} {[%emt 00:00:33]} 26. Rf1 {[%clk 00:54:19]}
{[%emt 00:03:40]} a5 {[%clk 00:48:16]} {[%emt 00:01:13]} 27. Nc1 {[%clk
00:54:24]} {[%emt 00:00:25]} Rb2 {[%clk 00:47:14]} {[%emt 00:01:29]} 28. Nd3
{[%clk 00:54:22]} {[%emt 00:00:34]} Rb6 {[%clk 00:46:39]} {[%emt 00:01:05]} 29.
Be3 {[%clk 00:53:29]} {[%emt 00:01:22]} Ra6 {[%clk 00:46:03]} {[%emt 00:01:06]}
30. Nc5 {[%clk 00:53:16]} {[%emt 00:00:43]} Raa8 {[%clk 00:45:55]} {[%emt
00:00:20]} 31. Rgf4 {[%clk 00:51:38]} {[%emt 00:02:26]} a4 {[%clk 00:45:38]}
{[%emt 00:00:47]} 32. Nd3 {[%clk 00:51:06]} {[%emt 00:01:02]} a3 {[%clk
00:45:29]} {[%emt 00:00:39]} 33. Bc5 {[%clk 00:51:13]} {[%emt 00:00:23]} Rfd8
{[%clk 00:45:28]} {[%emt 00:00:30]} 34. Nc1 {[%clk 00:51:11]} {[%emt 00:00:32]}
a2 {[%clk 00:45:31]} {[%emt 00:00:29]} 35. Nxa2 {[%clk 00:51:33]} {[%emt
00:00:08]} Rxa2 {[%clk 00:45:50]} {[%emt 00:00:10]} 36. R1f2 {[%clk 00:51:02]}
{[%emt 00:01:01]} Rd1+ {[%clk 00:45:48]} {[%emt 00:00:32]} 0-1